Statistics for NCAA Football Power Five Teams

Click here to take the quiz!

General Stats

  • This quiz has been taken 3,332 times
  • The average score is 53 of 64

Answer Stats

BIG 10% Correct
Alabama Crimson Tide
97%
Ohio State Buckeyes
97%
Michigan Wolverines
96%
Texas Longhorns
95%
Georgia Bulldogs
93%
Kanas Jayhawks
93%
Florida Gators
92%
Michigan State Spartans
92%
Oklahoma Sooners
92%
Oregon Ducks
92%
Iowa Hawkeyes
90%
USC Trojans
90%
Washigton Huskies
90%
Clemson Tigers
89%
LSU Tigers
89%
North Carolina Tarheels
89%
UCLA Bruins
88%
Florida State Seminoles
87%
Penn State Nittany Lions
87%
Arizona Wildcats
86%
Auburn Tigers
86%
Kentucky Wildcats
86%
Oklahoma State Cowboys
86%
Tennessee Volunteers
86%
Illinois Fighting Illini
85%
Indiana Hoosiers
85%
Kansas State Wildcats
85%
Mississippi State Bulldogs
85%
Ole Miss Rebels
85%
Oregon State Beavers
85%
South Carolina Gamecocks
85%
Virginia Cavaliers
85%
Wisconsin Badgers
85%
Rutgers Scarlet Knights
84%
Texas Tech Red Raiders
84%
Washington State Cougars
84%
Arizona State Sun Devils
83%
Arkansas Razorbacks
83%
Missouri Tigers
83%
Nebraska Cornhuskers
83%
Cal Bears
82%
Colorado Buffaloes
81%
Duke Blue Devils
81%
Maryland Terrapins
81%
Minnesota Golden Gophers
81%
Vanderbilt Commodores
81%
Purdue Boilermakers
80%
Texas A&M Aggies
80%
TCU Horned Frogs
79%
Iowa State Cyclones
78%
Northwestern Wildcats
78%
Utah Utes
78%
Baylor Bears
77%
Miami Hurricanes
77%
Virginia Tech Hokies
75%
West Virginia Mountaineers
75%
Georgia Tech Yellow Jackets
74%
Stanford Cardinal
74%
NC State Wolfpack
73%
Boston College Eagles
71%
Syracuse Orange
69%
Pitt Panthers
68%
Wake Forest Demon Deacons
67%
Louisville Cardinals
64%

Score Distribution

Percentile by Number Answered

Percent of People with Each Score

Your Score History

You have not taken this quiz